Reasons of state: political development and India's foreign policy under Indra Gandhi 1966-1977 (Record no. 989)

MARC details
000 -LEADER
fixed length control field 00581nam a2200181Ia 4500
020 ## - INTERNATIONAL STANDARD BOOK NUMBER
ISBN 0-7069-1275-6
082 ## - DEWEY DECIMAL CLASSIFICATION NUMBER
Classification number 327.54 THA-;
100 ## - MAIN ENTRY--AUTHOR NAME
Personal name Tharoor, Shashi
245 #0 - TITLE STATEMENT
Title Reasons of state: political development and India's foreign policy under Indra Gandhi 1966-1977
260 ## - PUBLICATION, DISTRIBUTION, ETC. (IMPRINT)
Place of publication New Delhi
Name of publisher Vikas Publishing
Year of publication 1982
300 ## - PHYSICAL DESCRIPTION
Number of Pages 438p.
504 ## - BIBLIOGRAPHY, ETC. NOTE
Bibliography, etc Includes index
650 ## - SUBJECT ADDED ENTRY--TOPICAL TERM
Topical Term International relation
650 ## - SUBJECT ADDED ENTRY--TOPICAL TERM
Topical Term India - Politics and government - 1966-1977
650 ## - SUBJECT ADDED ENTRY--TOPICAL TERM
Topical Term India - Foreign relations
650 ## - SUBJECT ADDED ENTRY--TOPICAL TERM
Topical Term Gandhi, Indira - Political activity - 1966-1977
942 ## - ADDED ENTRY ELEMENTS (KOHA)
Koha item type Books
Holdings
Withdrawn status Lost status Damaged status Not for loan Home library Current library Date acquired Bill Date Full call number Accession Number Price effective from Koha item type
        NASSDOC Library NASSDOC Library 08/06/2004 2004-10-22 327.54 THA-; 28193 18/04/2019 Books